00317nam a2200121Ia 4500008004100000082001500041100001900056245004900075250000800124260003900132300000800171650001600179191201s2004 xx 000 0 und d a681.2bDAI aDALLY, James W 0aInstrumentation for engineering measurements a2nd aN.DelhibJohn Wiley and Sonsc2004 a584 aB.Tech(ECE)